Alliterationen – B. B. - Statistiken

Allgemein
  • Dieses Quiz wurde 248 mal gespielt
  • Das Durchschnittsergebnis liegt bei 8 aus 16
Antwortstatistiken
Hinweis Antwort % Korrekt
Berühmteste Glocke Londons Big Ben
95%
Wappentier der deutschen Hauptstadt Berliner Bär
90%
Ebenfalls in Neustadt wohnende Junghexe Bibi Blocksberg
89%
TV-Format, bei dem die Kandidaten rund um die Uhr unter Beobachtung stehen Big Brother
87%
Erfolgreichster deutscher Tennisspieler Boris Becker
87%
Im Neustädter Zoo lebender sprechender Elefant Benjamin Blümchen
84%
À bientôt, See you soon! Bis bald
55%
Von der Firma Zapf hergestellte Puppe mit lebensechten Funktionen Baby Born
54%
Oft verfilmter Pferderoman von Anna Sewell Black Beauty
45%
Wurde 2021 Präsidentin des Deutschen Bundestags Bärbel Bas
33%
You Gotta Fight for Your Right to Party! Beastie Boys
29%
Deutsche Fernsehkrimireihe mit Hannelore Hoger in der Titelrolle Bella Block
29%
NFL-Team (American Football) aus dem Bundesstaat New York Buffalo Bills
21%
Deutsche Serie, die auf dem Roman "Der nasse Fisch" von Volker Kutscher basiert Babylon Berlin
19%
Zwischen 1991 und 2003 von Alfred Biolek moderierte Talksendung Boulevard Bio
16%
Etwas altmodischer "farbiger" Ausdruck für Schusswaffenmunition Blaue Bohnen
15%
Keine übereinstimmenden Quizze gefunden
Verteilung der Resultate
Anzahl Personen mit jedem Resultat
Perzentil nach korrekt beantworteten Fragen
Ihre Resultats-Entwicklung
Sie haben dieses Quiz noch nicht gespielt